Logo BPK

Bibliografia Prac Pracowników

Politechniki Koszalińskiej

A proposal for the assessment of the crack resistance of polymer and cement-polymer coatings / (Rekord nr 7881)

Szczegóły MARC
000 -ETYKIETA REKORDU
podpole kontrolne o stałej długości 00820naa a22001817i 4500
003 - IDENTYFIKATOR NUMERU KONTROLNEGO REKORDU
podpole kontrolne KOSZ 005
005 - DATA OSTATNIEJ MODYFIKACJI REKORDU
podpole kontrolne 20180417094124.0
008 - POLE O STAŁEJ DŁUGOŚCI - DANE KONTROLNE
podpole kontrolne o stałej długości 160308s2010 pl a|||f| ||||0|| 0 eng d
035 ## - NUMER SYSTEMOWY
Numer systemowy przejętego rekordu PBN-R:315422
040 ## - ŹRÓDŁO KATALOGOWANIA
Instytucja, która utworzyła rekord KOSZ 005/md
Instytucja, która sporządziła opis PBN-ID
Instytucja, która dokonała modyfikacji KOSZ 005/HR
041 0# - KOD JĘZYKA
Kod języka tekstu eng
080 ## - UNIWERSALNA KLASYFIKACJA DZIESIĘTNA - UKD
UKD 624.01/.07
100 1# - NAZWA OSOBOWA
Nazwa osobowa GŁODKOWSKA, Wiesława.
Lata pracy 1996 - .
Instytucja Politechnika Koszalińska - Wydział Budownictwa i Inżynierii Środowiska,
Wydział Katedra Konstrukcji Betonowych
245 10 - TYTUŁ/ODPOWIEDZIALNOŚĆ
Tytuł A proposal for the assessment of the crack resistance of polymer and cement-polymer coatings /
Pozostałe elementy strefy tytułu i oznaczenia odpowiedzialności Wiesława Głodkowska.
650 #0 - HASŁO PRZEDMIOTOWE W FORMIE NAZWY OGÓLNEJ LUB JEDNOSTKOWEJ
Nazwa ogólna lub geograficzna Budownictwo.
773 0# - TYTUŁ DOKUMENTU MACIERZYSTEGO
Wyrażenie wprowadzające W:
Tytuł Durability and repair of building structures / ed. Tomasz Błaszczyński. -
Adres wydawniczy Wrocław : Dolnośląskie Wydaw. Edukacyjne, 2010. -
ISBN 9788371251986
Informacje dotyczące relacji pp. 149-162.
942 ## - HASŁO DODATKOWE - ELEMENTY(KOHA)
Typ dokumentu Rozdział
Schemat klasyfikacji Uniwersalna klasyfikacja dziesiętna

Brak dostępnych egzemplarzy.

© 2014 Biblioteka Politechniki Koszalińskiej :: BIBLIOGRAFIA PRAC PRACOWNIKÓW